000 01334nam a2200337 i 4500
003 EG-GICUC
005 20260212153321.0
008 260212s1989 ua |||fr|||| 00| 0 ara d
017 _a7430/1989
040 _a EG-GICUC
_bara
_c EG-GICUC
_d EG-GICUC
_erda
041 0 _aAra
082 0 4 _221
_a343.3
_bي س . ق
092 0 4 _221
099 _aLaw1 10 343.3 ي س . ق 1989
100 0 _aيس الشاذلى
_eمعد.
245 1 0 _aقوانين إجراءات الجنائية وتنظيم السجون وحالات وإجراءات الطعن بالنقض مع التعليمات العامة للنيابات /
_cإعداد المحامى يس الشاذلى.
264 1 _aالقاهرة :
_bدار محمود للنشر والتوزيع،
_c1989.
264 3 _aالقاهرة :
_bمطبعة التيسير،
300 _a536 ؛صفحة
_c24 سم.
336 _2rda content
_atext
337 _2rda media
_aComputer
338 _2rda carrier
_aOnline Resource
490 _aالمكتبة القانونية
546 _aالنص باللغة العربية
650 1 _aقانون الإجراءات الجنائية
_2qrmak
650 1 _aالقانون الجنائى
_2qrmak
651 1 _2qrmak
856 4 0 _uhttps://fll.law.cu.edu.eg/fulltext/bks/B10-08804.pdf
905 _a54
942 _2ddc
_cBK
_e21
_n0
999 _c62826
_d62826